[Event "IX EICC"]
[Site "Plovdiv BUL"]
[Date "2008.04.30"]
[Round "9"]
[White "Logothetis,S"]
[Black "Berczes,D"]
[Result "0-1"]
[WhiteElo "2291"]
[BlackElo "2453"]
[EventDate "2008.04.21"]

1. Nf3 d5 2. d4 Nf6 3. c4 c6 4. e3 e6 5. Bd3 Nbd7 6. O-O Bd6 7. Nbd2 O-O 8.
e4 e5 9. cxd5 cxd5 10. exd5 exd4 11. Ne4 Nxe4 12. Bxe4 Nf6 13. Bg5 Be7 14.
Bxf6 Bxf6 15. Qd3 g6 16. Rfd1 Qb6 17. b3 Bd7 18. Nd2 Rac8 19. Nc4 Qc5 20.
a4 Rfe8 21. Re1 Qb4 22. Rec1 b6 23. Rab1 Bg5 24. Rf1 Qe7 25. Qxd4 Qxe4 26.
Qxe4 Rxe4 27. Nd6 Rb4 28. Nxc8 Bxc8 29. d6 Be6 30. Rfd1 Kf8 31. f4 Bf6 32.
Rbc1 Rd4 33. a5 bxa5 34. Rxd4 Bxd4+ 35. Kf1 Bb6 36. Rc3 Ke8 37. h3 h5 38.
Ke2 Kd7 39. Rd3 a4 0-1

[Event "IX EICC"]
[Site "Plovdiv BUL"]
[Date "2008.04.30"]
[Round "9"]
[White "Collas,D"]
[Black "Vehi Bach,V"]
[Result "0-1"]
[WhiteElo "2446"]
[BlackElo "2381"]
[EventDate "2008.04.21"]

1. b4 e5 2. Bb2 Bxb4 3. Bxe5 Nf6 4. c4 O-O 5. Nf3 d5 6. e3 c5 7. Nc3 Nbd7
8. Bg3 Nb6 9. cxd5 Nbxd5 10. Qc2 Nxc3 11. dxc3 Bf5 12. Qb3 Ba5 13. Rc1 Ne4
14. Be2 Qb6 15. Qa3 Nxc3 16. Rxc3 Qb1+ 17. Bd1 Rad8 18. O-O Rxd1 19. Rc1
Rxf1+ 20. Rxf1 Qb4 21. Qc1 Rd8 22. Ne5 Be6 23. a3 Qc3 24. Qb1 Qb3 25. h4 f6
26. Nf3 Qxb1 27. Rxb1 b6 28. e4 Rd3 29. Bb8 c4 30. Bxa7 c3 31. Ne1 Rd2 32.
Rc1 Ra2 33. Nc2 Bb3 34. Nd4 Ba4 35. Bb8 c2 36. Bf4 Bc3 37. Be3 Bb2 38. Re1
Bxa3 39. Nxc2 Bxc2 40. Bxb6 Bb4 41. Re2 Ra1+ 42. Kh2 Bd1 43. Re3 Bd6+ 44.
g3 Ra3 45. Kg2 h5 46. Rxa3 Bxa3 47. f3 Kf7 48. Kf2 Ke6 49. Ke3 Bc1+ 50. Kf2
Kd6 51. Bd4 Ba3 52. Kg2 Bc5 53. Bc3 Kc6 54. Bb2 Kb5 55. Bc3 Kc4 56. Bb2 Kd3
57. Bc1 Bd6 58. Kf2 Bc5+ 59. Kg2 Ke2 60. Bb2 Bd6 61. Bd4 Bc2 62. Bb6 Be5
63. Bc5 g6 64. Bb6 f5 65. exf5 gxf5 66. Bd8 Ba4 0-1

[Event "IX EICC"]
[Site "Plovdiv BUL"]
[Date "2008.04.30"]
[Round "9"]
[White "Butnorius,A"]
[Black "Nestorovic,N"]
[Result "0-1"]
[WhiteElo "2442"]
[BlackElo "2381"]
[EventDate "2008.04.21"]

1. d4 Nf6 2. Nf3 e6 3. c4 d5 4. g3 Bb4+ 5. Bd2 Be7 6. Bg2 O-O 7. O-O c6 8.
Qc2 Nbd7 9. Bf4 b6 10. Rd1 Bb7 11. Nc3 dxc4 12. Nd2 Nd5 13. Nxc4 Nxf4 14.
gxf4 Rc8 15. f5 Qc7 16. fxe6 fxe6 17. Qe4 Rf6 18. e3 Rg6 19. Kh1 Ba8 20. f4
b5 21. Ne5 Nf6 22. Nxg6 Nxe4 23. Nxe7+ Qxe7 24. Nxe4 c5 25. Nxc5 Bxg2+ 26.
Kxg2 Qh4 27. Rg1 e5 28. fxe5 Qg4+ 29. Kh1 Qf3+ 30. Rg2 Qxe3 31. Rd1 Qf3 32.
Rd3 Qd5 33. b4 Rf8 34. h3 Rf2 35. Rdg3 g6 36. a3 Rxg2 37. Rxg2 Qxd4 38. e6
a5 39. Rg4 Qa1+ 40. Kh2 Kf8 41. Nb7 Qa2+ 42. Rg2 Qxe6 43. Nxa5 Qe5+ 44. Rg3
Kg7 45. Kg2 g5 46. Nb3 h5 47. Nc5 Qe2+ 48. Kg1 Kh6 49. Rd3 g4 50. h4 Qe1+
51. Kg2 Qxh4 52. Rd6+ Kh7 53. Rd7+ Kg8 54. Rd3 Qe1 55. Rd8+ Kh7 56. Rd7+
Kh6 57. Rd6+ Kg5 58. Rd5+ Kh4 59. Rd3 Qe2+ 60. Kg1 g3 0-1

[Event "IX EICC"]
[Site "Plovdiv BUL"]
[Date "2008.04.30"]
[Round "9"]
[White "Baumegger,S"]
[Black "Atakisi,U"]
[Result "1/2-1/2"]
[WhiteElo "2440"]
[BlackElo "2365"]
[EventDate "2008.04.21"]

1. c4 c5 2. Nf3 Nc6 3. Nc3 e5 4. g3 g6 5. Bg2 Bg7 6. O-O Nge7 7. a3 a5 8.
d3 O-O 9. Bd2 d6 10. Rb1 Rb8 11. Qa4 b6 12. Rfc1 Bd7 13. Qd1 h6 14. Ne1 Be6
15. Nc2 d5 16. cxd5 Nxd5 17. b4 axb4 18. Nxd5 Bxd5 19. Bxd5 Qxd5 20. axb4
cxb4 21. Nxb4 Nxb4 22. Rxb4 Rfe8 23. Qb3 Qxb3 24. Rxb3 e4 25. Be3 exd3 26.
exd3 b5 27. Kf1 h5 28. Rcb1 Red8 29. Ke2 Rd5 30. d4 Bf8 31. Kd3 b4 32. Ra1
Rd7 33. Ra5 Rbd8 34. Rb5 Ra8 35. Rb1 Ra3+ 36. Ke2 Ra2+ 37. Kf3 Ra3 38. d5
f5 39. Rc1 Rd3 40. Rc6 R3xd5 41. Rxg6+ Kf7 42. Rbb6 R7d6 43. Rgxd6 Bxd6 44.
Ke2 Ke7 45. Bd2 Rd4 46. Rb7+ Ke6 47. Rh7 Rd5 48. Rh6+ Kd7 49. Rxh5 b3 50.
Bc3 Bb4 51. Bh8 Ba3 52. g4 b2 53. Bxb2 Bxb2 54. Rxf5 Rxf5 55. gxf5 1/2-1/2

[Event "IX EICC"]
[Site "Plovdiv BUL"]
[Date "2008.04.30"]
[Round "9"]
[White "Bratanov,Z"]
[Black "Sidorenko,I"]
[Result "1-0"]
[WhiteElo "2440"]
[BlackElo "2334"]
[EventDate "2008.04.21"]

1. d4 Nf6 2. c4 g6 3. Nc3 Bg7 4. e4 d6 5. Bd3 O-O 6. Nge2 Nc6 7. O-O e5 8.
d5 Nd4 9. Rb1 c5 10. dxc6 bxc6 11. b4 Re8 12. Bg5 h6 13. Nxd4 exd4 14. Bxf6
Bxf6 15. Na4 Bg7 16. Qc2 a5 17. a3 axb4 18. axb4 Qe7 19. c5 Be6 20. Rb2
dxc5 21. Nxc5 Ra3 22. f4 Qa7 23. f5 Rc3 24. Qd1 Bc8 25. fxg6 fxg6 26. e5
Bxe5 27. Bxg6 Re7 28. Bd3 Bg7 29. Rbf2 Qa3 30. Qh5 Rxd3 31. Qg6 Bf5 32.
Rxf5 1-0

[Event "IX EICC"]
[Site "Plovdiv BUL"]
[Date "2008.04.30"]
[Round "9"]
[White "Khmelniker,I"]
[Black "Yordanov,N"]
[Result "1-0"]
[WhiteElo "2459"]
[BlackElo "2296"]
[EventDate "2008.04.21"]

1. d4 d5 2. Nf3 Nf6 3. c4 c6 4. e3 Bf5 5. Nc3 e6 6. Nh4 Be4 7. f3 Bg6 8.
Qb3 Qc7 9. Bd2 Be7 10. cxd5 cxd5 11. Nxg6 hxg6 12. O-O-O a6 13. Kb1 Nc6 14.
Rc1 O-O 15. g4 Rfc8 16. h4 Na5 17. Qc2 Nc4 18. Bxc4 dxc4 19. h5 g5 20. e4
Nh7 21. e5 b5 22. d5 Qd7 23. d6 Bd8 24. Ne4 Rab8 25. Be3 Rc6 26. Qf2 Qc8
27. f4 gxf4 28. Qxf4 c3 29. Rxc3 Rxc3 30. Nxc3 b4 31. Ne4 b3 32. a3 Qc2+
33. Ka1 Rb5 34. Rc1 Qg2 35. Rc8 Ra5 36. Rxd8+ Nf8 37. Nd2 Qh1+ 38. Qf1 Qb7
39. h6 Rxe5 40. Rxf8+ Kxf8 41. h7 1-0

[Event "IX EICC"]
[Site "Plovdiv BUL"]
[Date "2008.04.30"]
[Round "9"]
[White "Kukov,V"]
[Black "Saric,A"]
[Result "1/2-1/2"]
[WhiteElo "2365"]
[BlackElo "2505"]
[EventDate "2008.04.21"]

1. Nf3 Nf6 2. c4 e6 3. g3 d5 4. Bg2 dxc4 5. Qa4+ c6 6. Qxc4 b5 7. Qc2 Bb7
8. d4 Nbd7 9. O-O c5 10. Bg5 Rc8 11. dxc5 Bxc5 12. Qd3 Qb6 13. Nc3 a6 14.
Bxf6 Nxf6 15. Ng5 Bxg2 16. Kxg2 Qb7+ 17. Nce4 Ke7 18. f3 Qd5 19. Rfd1 Qxd3
20. Rxd3 Nd5 21. f4 Rhd8 22. Nxc5 Rxc5 23. Kf3 f5 24. Rad1 h6 25. Nh3 Rdc8
26. Nf2 Rc2 27. R3d2 g5 28. Nd3 g4+ 29. Kf2 Rxd2 30. Rxd2 Nf6 31. Rd1 Ne4+
32. Ke3 Nd6 33. b3 Ne4 34. Rc1 Rxc1 35. Nxc1 Kd6 36. Nd3 Nc3 37. a3 a5 38.
Ne5 Kd5 39. Kd3 Ne4 40. e3 Nc5+ 41. Kc3 Na6 42. Kd3 Nc5+ 43. Kc3 h5 44. b4
Ne4+ 45. Kd3 a4 46. Nf7 Nf2+ 47. Ke2 Ne4 48. Kd3 Nf6 49. Ne5 Ne4 50. Nf7
Nf2+ 51. Ke2 Ne4 52. Kd3 e5 1/2-1/2

[Event "IX EICC"]
[Site "Plovdiv BUL"]
[Date "2008.04.30"]
[Round "9"]
[White "Van Beek,Al"]
[Black "Rasmussen,Kar"]
[Result "1-0"]
[WhiteElo "2343"]
[BlackElo "2486"]
[EventDate "2008.04.21"]

1. e4 c6 2. d4 d5 3. Nd2 dxe4 4. Nxe4 Bf5 5. Ng3 Bg6 6. h4 h6 7. Nf3 Nd7 8.
h5 Bh7 9. Bd3 Bxd3 10. Qxd3 e6 11. Bd2 Ngf6 12. O-O-O Be7 13. Ne4 Qb6 14.
Nxf6+ Bxf6 15. Kb1 c5 16. Bc3 O-O 17. g4 Rfd8 18. g5 cxd4 19. Bxd4 Bxd4 20.
Qxd4 hxg5 21. Qg4 Nf6 22. Qxg5 Ne4 23. Qe5 Nxf2 24. h6 f6 25. Qg3 g5 26.
Nxg5 Nxh1 27. h7+ Kg7 28. Nxe6+ Kf7 29. Nxd8+ Rxd8 30. Rxh1 Qd4 31. a3 f5
32. Qc7+ Kg6 33. Qxd8 1-0

[Event "IX EICC"]
[Site "Plovdiv BUL"]
[Date "2008.04.30"]
[Round "9"]
[White "Zherebukh,Y"]
[Black "Vedder,H"]
[Result "1-0"]
[WhiteElo "2446"]
[BlackElo "2371"]
[EventDate "2008.04.21"]

1. e4 e6 2. d4 d5 3. e5 b6 4. Bb5+ c6 5. Ba4 Ba6 6. c3 Ne7 7. Ne2 Nf5 8.
O-O h5 9. Re1 Be7 10. Nf4 g6 11. Bc2 c5 12. Bxf5 gxf5 13. Nxh5 Nc6 14. Be3
Kd7 15. Nf4 Kc7 16. Nd2 cxd4 17. cxd4 Kb7 18. Rc1 Qd7 19. Nf3 Rag8 20. Bd2
Bf8 21. g3 Ne7 22. Re3 Bh6 23. Rec3 Rc8 24. Ng2 Rxc3 25. Rxc3 Bxd2 26. Qxd2
Qb5 27. Qc1 Nc6 28. a3 Rc8 29. h4 Qa4 30. Nf4 Bc4 31. h5 Na5 32. Kg2 Nb3
33. Qh1 Rh8 34. Qh4 Qe8 35. Qf6 Qf8 36. Ng5 Nxd4 37. Nxf7 Rg8 38. h6 1-0

[Event "IX EICC"]
[Site "Plovdiv BUL"]
[Date "2008.04.30"]
[Round "9"]
[White "Kozhuharov,S"]
[Black "Bakalarz,M"]
[Result "1-0"]
[WhiteElo "2433"]
[BlackElo "2361"]
[EventDate "2008.04.21"]

1. d4 Nf6 2. c4 g6 3. Nc3 d5 4. Nf3 Bg7 5. Bf4 c6 6. e3 O-O 7. h3 Be6 8.
Qb3 Qb6 9. c5 Qxb3 10. axb3 Nbd7 11. Nd2 b6 12. Ba6 Nh5 13. Bh2 bxc5 14. g4
cxd4 15. exd4 Bxd4 16. gxh5 Nc5 17. hxg6 fxg6 18. Bg3 Bf5 19. b4 Nd3+ 20.
Bxd3 Bxd3 21. Nb3 Bg7 22. Nc5 Bf5 23. Ra6 Rfc8 24. Kd2 e5 25. Re1 Bh6+ 26.
Kd1 Rab8 27. Na2 Bxh3 28. Bxe5 Re8 29. Ra3 Bg4+ 30. f3 Bf5 31. Bxb8 Rxb8
32. Rxa7 Bg5 33. Nc3 h5 34. Nd7 Rd8 35. Ne5 Re8 36. Re2 d4 37. Nxc6 Rc8 38.
Nxd4 Rd8 39. Ke1 Bh4+ 40. Kf1 Bd3 41. Kg2 Bxe2 42. Ndxe2 Rd2 43. Kh3 Bf2
44. Ra2 Be3 45. b5 Kf7 46. b4 Rd3 47. Kg2 Ke7 48. Ra6 g5 49. Ra1 Rd2 50.
Rd1 Rb2 51. Kf1 Ke6 52. Nd5 Bd2 53. Nec3 Bxc3 54. Nxc3 Rxb4 55. Rb1 Rf4 56.
Ke2 g4 57. fxg4 Rxg4 58. b6 Rg8 59. Rd1 h4 60. b7 h3 61. Na4 h2 62. Nc5+
Kf5 63. Kf2 Kf4 64. Nd7 1-0

[Event "IX EICC"]
[Site "Plovdiv BUL"]
[Date "2008.04.30"]
[Round "9"]
[White "Nikolaidis,K"]
[Black "Kaplan,S"]
[Result "0-1"]
[WhiteElo "2299"]
[BlackElo "2428"]
[EventDate "2008.04.21"]

1. d4 Nf6 2. c4 c5 3. d5 e6 4. Nc3 exd5 5. cxd5 d6 6. e4 g6 7. Nf3 Bg7 8.
h3 O-O 9. Bd3 a6 10. a4 Nh5 11. g4 Nf6 12. Bf4 h5 13. Nh2 Re8 14. Kf1 Nbd7
15. Kg2 Ne5 16. Be2 hxg4 17. hxg4 Bd7 18. Bg5 b5 19. f3 b4 20. Nb1 Nxd5 21.
Qd2 Nf6 22. Qf4 d5 23. Nd2 Qb6 24. Nhf1 dxe4 25. Nxe4 Nexg4 26. Bc4 Be6 27.
Nxf6+ Nxf6 28. Bh6 Nh5 29. Rxh5 gxh5 30. Bxg7 Kxg7 31. Qg5+ Kf8 32. Qh6+
Ke7 33. Qg5+ Kd7 34. Rd1+ Kc7 35. Qf4+ Kb7 36. Ne3 Rad8 37. Bd5+ Ka7 38.
Bxe6 fxe6 39. Nc4 Qc6 40. Na5 Qb6 41. Qf7+ Ka8 42. Nc4 Qb7 43. Rd7 Rxd7 44.
Qxe8+ Ka7 45. Qxe6 h4 46. a5 h3+ 47. Qxh3 Qd5 48. Ne5 Re7 49. Ng4 Qd2+ 50.
Kg3 Qe1+ 51. Kf4 Rf7+ 52. Kg5 Qe7+ 53. Kg6 Qe6+ 54. Kg5 Qf5+ 0-1

[Event "IX EICC"]
[Site "Plovdiv BUL"]
[Date "2008.04.30"]
[Round "9"]
[White "Vegh,E"]
[Black "Perunovic,Mio"]
[Result "0-1"]
[WhiteElo "2278"]
[BlackElo "2420"]
[EventDate "2008.04.21"]

1. d4 Nf6 2. c4 e6 3. Nc3 Bb4 4. Qc2 O-O 5. a3 Bxc3+ 6. Qxc3 b6 7. Bg5 Ba6
8. Qf3 Nc6 9. e3 Na5 10. Rc1 c5 11. Qd1 Rc8 12. dxc5 bxc5 13. Nf3 Rb8 14.
Rc2 d6 15. Bd3 Rb3 16. Be2 Qb6 17. Bxf6 gxf6 18. O-O Bb7 19. Rd2 Rd8 20.
Qc2 f5 21. Rfd1 Kf8 22. Ne1 Be4 23. Bd3 Bxd3 24. Nxd3 Rb8 25. h3 Qa6 26.
Rc1 Qb7 27. f3 Ke7 28. Rdd1 Rg8 29. Qf2 Ke8 30. Kh1 Qe7 31. Nf4 Nb7 32. Rc2
Qf6 33. Rdd2 Ke7 34. Re2 Nd8 35. Qe1 Nc6 36. Qf2 Qg5 37. Kh2 Ne5 38. Qe1 h5
39. Kh1 h4 40. Qf2 a5 41. Red2 a4 42. Rd1 Rgb8 43. Rdd2 Qg3 44. Qe2 Ng6 45.
Nxg6+ fxg6 46. Kg1 Qe5 47. Kf2 g5 48. e4 fxe4 49. Qxe4 Qxe4 50. fxe4 Rf8+
51. Ke1 Rf4 52. Re2 Kf6 53. e5+ dxe5 54. Kd1 Rd3+ 55. Red2 Rdd4 56. Ke2
Rxc4 57. Rxc4 Rxc4 58. Ke3 Kf5 59. Rd8 Rc2 60. Rf8+ Kg6 61. Rg8+ Kf6 62.
Kf3 Rxb2 63. Rc8 Rc2 64. Rf8+ Kg7 65. Ra8 e4+ 66. Kxe4 Rxg2 67. Ke5 Re2+
68. Kd6 Re3 69. Rxa4 Rxh3 70. Kxe6 Rf3 71. Rc4 Kg6 72. a4 h3 73. Rxc5 h2
74. Rc1 g4 0-1

[Event "IX EICC"]
[Site "Plovdiv BUL"]
[Date "2008.04.30"]
[Round "9"]
[White "Koepke,C"]
[Black "Balog,I1"]
[Result "1-0"]
[WhiteElo "2296"]
[BlackElo "2415"]
[EventDate "2008.04.21"]

1. e4 e6 2. d4 d5 3. Nc3 Nf6 4. e5 Nfd7 5. f4 c5 6. Nf3 Nc6 7. Be3 b6 8.
Qd2 Bb7 9. Bd3 g6 10. O-O h5 11. Nd1 c4 12. Be2 b5 13. Nf2 Ne7 14. Nh1 Nf5
15. Bf2 Be7 16. g3 Qc7 17. c3 Qc6 18. Be1 a5 19. Nf2 b4 20. Nd1 Rb8 21. Bf2
Ba6 22. Ne3 Rb7 23. h3 bxc3 24. bxc3 Nxe3 25. Bxe3 Qb5 26. Bd1 Ba3 27. Bc2
a4 28. Rab1 Qa5 29. Rxb7 Bxb7 30. Rb1 Bc6 31. g4 hxg4 32. hxg4 Qa8 33. f5
gxf5 34. gxf5 exf5 35. Qg2 Kd8 36. Bf4 Qa5 37. Qg7 Re8 38. Bd2 Kc8 39. Qxf7
Qd8 40. e6 Nb8 41. Ne5 Qc7 42. Bf4 Bd6 43. Nxc6 1-0

[Event "IX EICC"]
[Site "Plovdiv BUL"]
[Date "2008.04.30"]
[Round "9"]
[White "Dimitrov,R"]
[Black "Orlov,O2"]
[Result "1-0"]
[WhiteElo "2409"]
[BlackElo "2285"]
[EventDate "2008.04.21"]

1. d4 d5 2. c4 c6 3. Nc3 Nf6 4. Nf3 e6 5. Bg5 dxc4 6. e4 b5 7. e5 h6 8. Bh4
g5 9. Nxg5 hxg5 10. Bxg5 Nbd7 11. exf6 Bb7 12. Qf3 Qb6 13. O-O-O b4 14. Ne4
c5 15. d5 Bxd5 16. Rxd5 exd5 17. Ng3 Qe6 18. Bxc4 Nb6 19. Bb5+ Kd8 20. Nf5
a6 21. Ng7 Qc8 22. Re1 axb5 23. Re8+ Kc7 24. Rxc8+ Kxc8 25. Qf5+ Kb7 26.
Qe5 Kc6 27. Bf4 Rc8 28. b3 Nd7 29. Qg5 Ra8 30. Nf5 Rxa2 31. Ne3 Nb6 32. Qe5
Ra7 33. Qe8+ Rd7 34. Nf5 Bg7 35. Ne7+ Kb7 36. Qxd7+ Nxd7 37. fxg7 1-0

[Event "IX EICC"]
[Site "Plovdiv BUL"]
[Date "2008.04.30"]
[Round "9"]
[White "Georgiadis,I"]
[Black "Bonev,T"]
[Result "0-1"]
[WhiteElo "2394"]
[BlackElo "2285"]
[EventDate "2008.04.21"]

1. e4 c5 2. Nf3 d6 3. d4 cxd4 4. Nxd4 Nf6 5. Nc3 a6 6. Be2 e5 7. Nb3 Be7 8.
O-O Be6 9. f4 exf4 10. Bxf4 Nc6 11. Qd2 d5 12. e5 Nd7 13. Nxd5 Ndxe5 14.
Rad1 O-O 15. Nxe7+ Qxe7 16. Qe3 f6 17. Nc5 Bf7 18. Nd7 Rfe8 19. Nb6 Rad8
20. Rxd8 Rxd8 21. Bxe5 Qxe5 22. Qxe5 Nxe5 23. Rd1 Rxd1+ 24. Bxd1 Kf8 25.
Kf2 Ke7 26. Ke3 Kd6 27. Kd4 Kc6 28. Na4 Bd5 29. g3 Bf3 30. Nc3 Bxd1 31.
Nxd1 Nf3+ 32. Ke4 Nxh2 33. Ne3 g6 34. g4 Nxg4 0-1

[Event "IX EICC"]
[Site "Plovdiv BUL"]
[Date "2008.04.30"]
[Round "9"]
[White "Lilov,Valeri"]
[Black "Berbatov,K"]
[Result "0-1"]
[WhiteElo "2385"]
[BlackElo "2220"]
[EventDate "2008.04.21"]

1. e4 c5 2. b3 e6 3. Bb2 Nc6 4. e5 d6 5. Bb5 Bd7 6. exd6 Nf6 7. Nf3 Bxd6 8.
O-O O-O 9. d3 a6 10. Bxc6 Bxc6 11. Nbd2 b5 12. Qe2 Re8 13. Ne4 Nxe4 14.
dxe4 f5 15. Rad1 Qc7 16. exf5 exf5 17. Qd3 Rad8 18. Qxf5 Be4 19. Qg4 Bxc2
20. Rc1 Bg6 21. Rfe1 Qc8 22. Qh4 Qf5 23. Be5 Bf8 24. Qg3 Rd3 25. Re3 Red8
26. h3 Rxe3 27. fxe3 Qd3 28. Bf4 Qe2 29. Qf2 Rd1+ 30. Rxd1 Qxd1+ 31. Kh2
Qc2 32. Qg3 Be4 33. Ng5 c4 34. Qg4 Bf5 35. Qf3 Qd3 36. bxc4 h6 37. e4 Qxf3
38. Nxf3 Bxe4 39. cxb5 axb5 40. Nd4 b4 41. Bd2 Bc5 42. Ne6 Bd6+ 43. Bf4 Be7
44. Be5 g5 45. Kg3 Bd5 46. Nd4 Bxa2 47. Nc6 Bc5 48. Bd4 Bxd4 0-1

[Event "IX EICC"]
[Site "Plovdiv BUL"]
[Date "2008.04.30"]
[Round "9"]
[White "Chigladze,I"]
[Black "Monev,A"]
[Result "0-1"]
[WhiteElo "2384"]
[BlackElo "2038"]
[EventDate "2008.04.21"]

1. d4 Nf6 2. c4 e6 3. Nc3 Bb4 4. Qc2 d5 5. cxd5 exd5 6. Bg5 c6 7. e3 Nbd7
8. Bd3 h6 9. Bh4 O-O 10. Nge2 Re8 11. O-O-O Be7 12. f3 b5 13. g4 Nb6 14.
Bf2 Nc4 15. Ng3 Qa5 16. Kb1 Rb8 17. Qb3 b4 18. Nce2 Ba6 19. h4 Na3+ 20.
bxa3 bxa3 21. Bxa6 Qxa6 22. Ka1 Rxb3 23. axb3 Rb8 24. Rb1 a2 25. Rb2 Ba3
26. Rd2 Rxb3 27. Rhd1 Qb6 28. Rxa2 Bb2+ 29. Kb1 Bxd4+ 30. Kc1 Rb1+ 31. Kd2
Qb4+ 0-1

[Event "IX EICC"]
[Site "Plovdiv BUL"]
[Date "2008.04.30"]
[Round "9"]
[White "Hagesaether,A"]
[Black "Mladenov,P"]
[Result "0-1"]
[WhiteElo "2181"]
[BlackElo "2371"]
[EventDate "2008.04.21"]

1. e4 c5 2. Nc3 Nc6 3. f4 e6 4. Nf3 d5 5. Bb5 d4 6. Bxc6+ bxc6 7. Ne2 d3 8.
cxd3 Qxd3 9. Qa4 Qb5 10. Nc3 Qxa4 11. Nxa4 Nf6 12. Nc3 Ba6 13. Ne5 Bd6 14.
Nxf7 Kxf7 15. e5 Bc7 16. exf6 gxf6 17. g3 h5 18. b3 h4 19. gxh4 Bxf4 20.
Ba3 c4 21. bxc4 Bxc4 22. Rb1 Rab8 23. Rxb8 Bxb8 24. Bc5 Rxh4 25. Kf2 a6 26.
h3 Bd3 27. Ke3 Bf5 28. Ne2 Rxh3+ 29. Rxh3 Bxh3 30. Kf2 e5 31. Nc3 Be6 32.
a3 Bb3 33. Ne4 Bc2 34. Nc3 Ke6 35. d4 e4 36. Na2 Bd3 37. Nb4 Bb5 38. a4
Bxa4 39. Nxa6 Bf4 40. Bb6 Bb5 41. Nc7+ Kd7 0-1

[Event "IX EICC"]
[Site "Plovdiv BUL"]
[Date "2008.04.30"]
[Round "9"]
[White "Pesotsky,V"]
[Black "Kounalakis,E"]
[Result "1/2-1/2"]
[WhiteElo "2371"]
[BlackElo "2099"]
[EventDate "2008.04.21"]

1. e4 c6 2. d4 d5 3. Nc3 dxe4 4. Nxe4 Bf5 5. Ng3 Bg6 6. h4 h6 7. Nf3 Nd7 8.
h5 Bh7 9. Bd3 Bxd3 10. Qxd3 e6 11. Bd2 Ngf6 12. O-O-O Be7 13. Qe2 O-O 14.
Kb1 c5 15. Bc1 Qb6 16. Ka1 a5 17. Ne4 Nxe4 18. Qxe4 Nf6 19. Qe2 Qa6 20. c4
Rfd8 21. g4 cxd4 22. Nxd4 Bc5 23. Nb5 Qc6 24. f3 Be7 25. Bd2 Bb4 26. Bf4 a4
27. a3 Ba5 28. Be5 Rxd1+ 29. Rxd1 Rd8 30. Bxf6 gxf6 31. Rxd8+ Bxd8 32. Nc3
Bb6 33. Qd3 Bc7 34. Qe4 Qa6 35. f4 Qd6 36. f5 Qa6 37. fxe6 Qxe6 38. Qxb7
Qxc4 39. Qa8+ Kg7 40. Qxa4 Qf1+ 41. Ka2 Be5 42. Qe4 Qc1 43. Kb3 Bxc3 44.
bxc3 Qd1+ 45. Kb2 Qd2+ 46. Qc2 Qd7 47. Qe2 Qa4 48. c4 Qd7 49. Qf3 Qd4+ 50.
Kb3 Qb6+ 51. Kc2 Qc5 52. a4 1/2-1/2

[Event "IX EICC"]
[Site "Plovdiv BUL"]
[Date "2008.04.30"]
[Round "9"]
[White "Dinev,De"]
[Black "Tahirov,F"]
[Result "0-1"]
[WhiteElo "2298"]
[BlackElo "2533"]
[EventDate "2008.04.21"]

1. e4 d6 2. d4 Nf6 3. Nc3 g6 4. Be3 c6 5. h3 Qb6 6. Qc1 Qc7 7. Bd3 Bg7 8.
Nge2 b5 9. a3 e5 10. O-O a6 11. Bh6 O-O 12. Bxg7 Kxg7 13. dxe5 dxe5 14. Ng3
Be6 15. Qe3 c5 16. Rfe1 c4 17. Bf1 Nc6 18. Rac1 h6 19. Nge2 Rfd8 20. Rcd1
Qb7 21. g3 b4 22. axb4 Nxb4 23. Rc1 Qa7 24. Nd1 Qxe3 25. Nxe3 Nd3 26. cxd3
cxd3 27. Rc5 Nxe4 28. Rxe5 dxe2 29. Bg2 Ng5 30. f4 Nxh3+ 31. Kh2 Nf2 32.
Bxa8 Nd3 33. Rxe2 Nxe5 34. Bb7 Ng4+ 35. Nxg4 Bxg4 36. Rf2 Rd6 37. Bg2 a5
38. Rc2 Rb6 39. Bd5 Rb5 40. Rd2 Kf6 41. Kg2 Rb6 42. Bc4 Rb4 43. Bd5 h5 44.
Rf2 Rd4 45. Bb7 Ke7 46. Rc2 Kd6 47. Rc6+ Kd7 48. Rc2 Bd1 49. Rc5 Rd2+ 50.
Kg1 Rxb2 51. Rxa5 Rxb7 52. Rd5+ Ke6 53. Rxd1 Rb2 54. Rd8 Kf5 55. Rd4 Kg4
56. f5+ Kxg3 57. Rd3+ Kf4 58. fxg6 fxg6 59. Rd4+ Ke5 60. Ra4 g5 61. Kh1 h4
62. Ra5+ Kf4 63. Ra4+ Kg3 64. Ra3+ Kg4 65. Ra4+ Kh5 66. Kg1 h3 67. Kh1 g4
68. Ra3 Kh4 69. Ra4 Rf2 70. Kg1 Rc2 71. Kh1 Re2 72. Kg1 Kg3 73. Ra3+ Kf4
0-1

[Event "IX EICC"]
[Site "Plovdiv BUL"]
[Date "2008.04.30"]
[Round "9"]
[White "Haroutjunian,D"]
[Black "Jakovljevic,Vlado"]
[Result "0-1"]
[WhiteElo "2293"]
[BlackElo "2463"]
[EventDate "2008.04.21"]

1. Nf3 Nf6 2. c4 g6 3. g3 Bg7 4. Bg2 d5 5. cxd5 Nxd5 6. d4 Nb6 7. O-O Nc6
8. e3 O-O 9. Nc3 Re8 10. Nd2 e5 11. d5 Nb4 12. e4 c6 13. a3 Nd3 14. Qe2
Nxc1 15. Raxc1 cxd5 16. exd5 a6 17. Nde4 f5 18. Nc5 Qd6 19. b4 Nd7 20. Ne6
Nf6 21. Na4 Bd7 22. Qd1 Rxe6 23. dxe6 Qxd1 24. Rfxd1 Bxa4 25. Rd6 e4 26. f3
Bc6 27. Rcd1 Kf8 28. fxe4 Nxe4 0-1

[Event "IX EICC"]
[Site "Plovdiv BUL"]
[Date "2008.04.30"]
[Round "9"]
[White "Grecescu,G"]
[Black "Pavlidis,Ana"]
[Result "0-1"]
[WhiteElo "2423"]
[BlackElo "2280"]
[EventDate "2008.04.21"]

1. c4 Nf6 2. b3 c6 3. Bb2 d5 4. e3 Bf5 5. Nf3 e6 6. Be2 Bd6 7. O-O Nbd7 8.
d4 h6 9. Nbd2 O-O 10. Ne5 Ne4 11. Nxe4 Bxe4 12. f4 Nxe5 13. fxe5 Qg5 14.
Rf2 Bc7 15. Ba3 Rfe8 16. Bh5 g6 17. Bf3 Qxe3 18. Bc1 Qd3 19. Qxd3 Bxd3 20.
cxd5 Bb6 21. Be3 exd5 22. Rd1 Be4 23. Bxh6 Bxf3 24. gxf3 c5 25. f4 cxd4 26.
Rd3 Rac8 27. Bg5 Rc3 28. Rff3 Rec8 29. Kf1 Rc1+ 30. Ke2 R8c2+ 31. Rd2 Ba5
32. Rxc2 Rxc2+ 33. Kd1 Rd2+ 34. Kc1 Rxh2 35. Bf6 Bc3 36. b4 Kf8 37. b5 Ke8
38. a4 Kd7 39. f5 gxf5 40. Rf1 Ke6 0-1

[Event "IX EICC"]
[Site "Plovdiv BUL"]
[Date "2008.04.30"]
[Round "9"]
[White "Grunberg,M"]
[Black "Medancic,R"]
[Result "1-0"]
[WhiteElo "2422"]
[BlackElo "2247"]
[EventDate "2008.04.21"]

1. Nf3 b5 2. e4 Bb7 3. Bxb5 Bxe4 4. d4 Nf6 5. c4 e6 6. O-O Be7 7. Nc3 Bb7
8. Ba4 O-O 9. Re1 d6 10. Bg5 Nbd7 11. Bc2 Rb8 12. Rb1 c5 13. dxc5 Nxc5 14.
b4 Ncd7 15. Bf4 Rc8 16. Bb3 Qb6 17. Nb5 Ne5 18. Nxe5 dxe5 19. Rxe5 a6 20.
Nd4 Rfd8 21. c5 Qxb4 22. Bd5 Nxd5 23. Rxb4 Nxb4 24. Qd2 Bxc5 25. Rxc5 Rxc5
26. Qxb4 Rb5 27. Qe1 Rxd4 1-0

[Event "IX EICC"]
[Site "Plovdiv BUL"]
[Date "2008.04.30"]
[Round "9"]
[White "Lomsadze,D"]
[Black "Galopoulos,N"]
[Result "0-1"]
[WhiteElo "2394"]
[BlackElo "2243"]
[EventDate "2008.04.21"]

1. Nf3 Nf6 2. g3 d5 3. Bg2 c5 4. O-O Nc6 5. c4 e5 6. cxd5 Nxd5 7. Nc3 Nc7
8. d3 Be7 9. Be3 O-O 10. Rc1 Be6 11. a3 Qd7 12. Ng5 Bxg5 13. Bxg5 Rac8 14.
Qd2 f6 15. Be3 b6 16. f4 Nd4 17. Rce1 Nd5 18. Bf2 exf4 19. Nxd5 Bxd5 20.
gxf4 Bxg2 21. Kxg2 Rfe8 22. e4 Rcd8 23. Re3 f5 24. Rfe1 fxe4 25. dxe4 Nf5
26. Qxd7 Nxe3+ 27. Bxe3 Rxd7 28. Kf3 Rd3 29. e5 Kf7 30. Ke4 Rd7 31. h4 g6
32. h5 Rde7 33. hxg6+ hxg6 34. Rh1 Kg7 35. Bd2 Rh8 36. Rg1 Kf7 37. Bc3 Rh2
38. a4 Re2+ 39. Kf3 Rh2 40. Rd1 Rh4 41. Kg3 Rh5 42. Kf3 Rh4 43. Ke3 Rh3+
44. Ke4 Rh4 45. Kf3 g5 46. fxg5 Rxa4 47. Rd6 Re6 48. Rxe6 Kxe6 49. g6 Kf5
50. g7 Rf4+ 51. Ke3 Rg4 0-1

[Event "IX EICC"]
[Site "Plovdiv BUL"]
[Date "2008.04.30"]
[Round "9"]
[White "Stamenkov,V"]
[Black "Vlashki,N"]
[Result "1/2-1/2"]
[WhiteElo "2350"]
[BlackElo "2206"]
[EventDate "2008.04.21"]

1. Nf3 Nf6 2. g3 g6 3. Bg2 Bg7 4. d4 c5 5. c4 Nc6 6. Nc3 O-O 7. O-O cxd4 8.
Nxd4 Nxd4 9. Qxd4 d6 10. Qd2 Rb8 11. b3 a6 12. a4 Bd7 13. Bb2 Qa5 14. Rfd1
Rfc8 15. Ne4 Qxd2 16. Nxd2 b6 17. Bd4 Bf5 18. e4 Bg4 19. f3 Be6 20. Nf1 b5
21. e5 Ne8 22. exd6 Nxd6 23. Bxg7 Kxg7 24. cxb5 Bxb3 25. Rd4 axb5 26. a5
Ra8 27. f4 Ra7 28. Ne3 Ba4 29. Nd5 Nf5 30. Rb4 Rxa5 31. g4 Nh4 32. Nxe7 Rc2
33. Be4 Re2 34. f5 Nf3+ 35. Bxf3 Rxe7 36. fxg6 fxg6 37. Be4 Re5 38. Bc2 Re7
39. Bd3 Re5 40. Bc2 Re2 41. Bxa4 bxa4 42. Raxa4 Rc5 43. Rc4 Rb5 44. Rcb4
Rbe5 45. Ra7+ Kf6 46. h4 Re7 47. Rf4+ Kg7 48. Rxe7+ Rxe7 49. Kg2 h6 50. Ra4
1/2-1/2